000 00324nam a22001337a 4500
008 171031b xxu||||| |||| 00| 0 eng d
020 _a2900618749347
041 _aeng
080 _27TH
_a33
100 _a59
101 _aBUS
245 _aBUSINESS ETHICS ETHICAL DECISION MAKING AND CASES
_cFERRELL,O.C
942 _2udc
_cBK
999 _c36846
_d36846